Meyers Neues Lexikon in acht Bänden 2. Band, Boston-Epibionten

Bibliographic Details
Other Authors: Uhlmann, A. M. (Editor)
Format: Book
Language:German
PhysicalDescription:952 s. il. 24 cm
Published: Leipzig Bibliographisches Institut 1962
Subjects:

MARC

LEADER 00000nam a2200000 a 4500
001 vtls001428942
003 SK-MaSNL
005 20260302001831.0
008 020212s1962 gw 0 ger
035 |a SNK000383944 
040 |a SNK  |b slo  |c SNK  |e AACR2 
245 0 |a Meyers Neues Lexikon in acht Bänden  |n 2. Band, Boston-Epibionten  |c Leitung A.M. Uhlmann 
260 |a Leipzig  |b Bibliographisches Institut  |c 1962 
300 |a 952 s.  |b il.  |c 24 cm 
650 0 7 |a encyklopédie  |2 SNKPH  |9 81740 
700 1 |a Uhlmann, A. M.  |4 edt  |9 464097 
999 |c 985513  |d 987443 
952 |t P60, <04>, [BOOK], {604}  |a SNK  |b SNK  |y VYP  |7 0  |p 17A0296568  |o snkIC 30279/2  |i snkK 1124/62  |0 0  |1 0  |4 0  |d 2002-02-12  |l 0  |r 2005-01-02 00:00:00  |w 2026-02-24